Statistiques concernant Pays reconnaissant l'Ossétie du Sud

Cliquez ici pour prendre le quiz!

Statistiques générales

  • Ce quiz a été pris 82 fois
  • Le résultat moyen est 2 sur 5

Statistiques - réponses

Réponse% Correct
Russie
100%
Venezuela
45%
Syrie
29%
Nauru
24%
Nicaragua
22%

Distribution des résultats

Percentile par nombre de réponses

% des personnes avec chaque résultat

Votre développement - résultats

Vous n’avez pas pris ce quiz